000
00345nam a2200157Ia 4500
003
OSt
005
20240117123509.0
008
170524s9999 xx 000 0 und d
020
_a
9780471143239
040
_c
IIMTU
100
_a
Sze SM
245
0
_a
Physics of Semiconductor Devices
260
_b
Pearson
260
_c
2007
942
_2
ddc
_c
02
999
_c
4650
_d
4650